000 00358nam a2200133Ia 4500
008 240624s9999 xx 000 0 und d
041 _aeng
082 _a828 CHA
100 _aCHABRIS CHRISTOPHER
245 _aINVISIBLE GORILLA AND OTHER WAYS OUR INT
260 _c2010
_aNew Delhi
_bHarper Collins
300 _axi, : 306 : p. : cm. ; 23
365 _cRS
_b25
999 _c18583
_d18583